[Event "FIDE World Cup 2021"]
[Site "Krasnaya Polyana RUS"]
[Date "2021.07.12"]
[Round "1.1"]
[White "Murzin, Volodar"]
[Black "Iordachescu, Viorel"]
[Result "1/2-1/2"]
[WhiteElo "2502"]
[BlackElo "2589"]
[PlyCount "138"]
[EventDate "2021.07.12"]

1. d4 d5 2. Nf3 e6 3. Bf4 c5 4. e3 cxd4 5. exd4 Nc6 6. Nbd2 f6 7. c3 g5 8. Be3
Nge7 9. Bd3 Bg7 10. h4 g4 11. Ng1 e5 12. Ne2 O-O 13. Qb1 h6 14. O-O Be6 15. Nb3
b6 16. Qc1 e4 17. Bb5 Kh7 18. Ng3 Qe8 19. Qd2 Bd7 20. Nc1 Ng6 21. h5 Nh4 22.
Nce2 Ne7 23. Bxd7 Qxd7 24. a4 Rf7 25. Rfc1 Rg8 26. c4 Bf8 27. Qc2 Nhf5 28. Nf4
Nxg3 29. fxg3 dxc4 30. Qxe4+ Qf5 31. Qb7 Qc8 32. Qxc8 Nxc8 33. Rxc4 Nd6 34. Rc6
Nf5 35. Bf2 Bd6 36. Nd5 Rg5 37. Re1 Kg7 38. Re6 Bxg3 39. Bxg3 Nxg3 40. Nxf6 Nf5
41. Ne4 Rxh5 42. Rg6+ Kh7 43. Rxg4 Ne3 44. Rc7 Rhf5 45. Rxf7+ Rxf7 46. Rg3 Rf1+
47. Kh2 Nd5 48. Nc3 Nf6 49. d5 h5 50. Rd3 Kg6 51. d6 Nd7 52. Nb5 Rf4 53. b3 a6
54. Nc7 a5 55. Nd5 Re4 56. Nxb6 Nxb6 57. d7 Nxd7 58. Rxd7 Re3 59. Rd6+ Kg5 60.
Rd5+ Kg4 61. Rxa5 Rxb3 62. Rb5 Ra3 63. Rb4+ Kg5 64. g3 Ra1 65. Kg2 Kf5 66. Kh3
Rh1+ 67. Kg2 Ra1 68. Kf3 Ra3+ 69. Kg2 Ke5 1/2-1/2

[Event "FIDE World Cup 2021"]
[Site "Krasnaya Polyana RUS"]
[Date "2021.07.12"]
[Round "1.1"]
[White "Kadric, Denis"]
[Black "Batsuren, Dambasuren"]
[Result "1-0"]
[WhiteElo "2564"]
[BlackElo "2504"]
[PlyCount "105"]
[EventDate "2021.07.12"]

1. e4 e5 2. Nf3 Nc6 3. Bc4 Nf6 4. d3 Bc5 5. Bg5 h6 6. Bh4 d6 7. c3 g5 8. Bg3
Qe7 9. Nbd2 a6 10. a4 Ba7 11. O-O Nh7 12. Kh1 Nf8 13. Ng1 h5 14. f3 Ng6 15. b4
f5 16. exf5 Bxf5 17. b5 Na5 18. bxa6 bxa6 19. Ba2 h4 20. Bf2 Bxf2 21. Rxf2 Nf4
22. d4 exd4 23. cxd4 Qe3 24. Qf1 Kd7 25. Re1 Qxd4 26. Ne4 Rhe8 27. Rd2 Qe5 28.
Bd5 Bxe4 29. Bxe4 Rab8 30. Qxa6 Rb6 31. Qa7 Qc5 32. Rc2 Nc4 33. Rec1 Rxe4 34.
fxe4 Nd3 35. Rf1 Nde5 36. Nf3 Nc6 37. Qa8 Rb8 38. Qa6 Nb4 39. Qxc4 Nxc2 40.
Qf7+ Kc6 41. Rc1 Rb2 42. Qg7 Ra2 43. Qg8 Rb2 44. Qg7 Ra2 45. Nd4+ Kb7 46. Ne6
Qc4 47. Rb1+ Nb4 48. h3 Rxa4 49. Qd7 Qc2 50. Qb5+ Kc8 51. Rf1 Nc6 52. Rf8+ Kd7
53. Rd8+ 1-0

[Event "FIDE World Cup 2021"]
[Site "Krasnaya Polyana RUS"]
[Date "2021.07.12"]
[Round "1.1"]
[White "Iniyan, P."]
[Black "Bogner, Sebastian"]
[Result "1-0"]
[WhiteElo "2506"]
[BlackElo "2581"]
[PlyCount "81"]
[EventDate "2021.07.12"]

1. d4 d5 2. c4 c6 3. Nf3 Nf6 4. Nc3 a6 5. a4 e6 6. Bg5 Be7 7. e3 h6 8. Bh4 O-O
9. Bd3 dxc4 10. Bxc4 c5 11. O-O cxd4 12. exd4 Nc6 13. Re1 Bd7 14. Qd2 Rc8 15.
Rad1 Nb4 16. Ne5 Bc6 17. Ng6 fxg6 18. Bxe6+ Rf7 19. d5 Bd7 20. Bxf7+ Kxf7 21.
d6 Bf8 22. Bxf6 gxf6 23. Nd5 Nxd5 24. Qxd5+ Kg7 25. Qxb7 Rc6 26. h4 Qc8 27. Qa7
Kg8 28. Qe3 Qb7 29. Qe4 Kg7 30. h5 Bf5 31. Qf3 Qd7 32. hxg6 Bxd6 33. Rd4 Bxg6
34. Red1 Qc7 35. b4 h5 36. Qe3 Rc3 37. Qe6 Bh2+ 38. Kh1 Qe5 39. Rd7+ Kh6 40.
Qg8 Be4 41. Qg7# 1-0

[Event "FIDE World Cup 2021"]
[Site "Krasnaya Polyana RUS"]
[Date "2021.07.12"]
[Round "1.1"]
[White "Hungaski, Robert"]
[Black "Ivic, Velimir"]
[Result "1/2-1/2"]
[WhiteElo "2514"]
[BlackElo "2582"]
[PlyCount "92"]
[EventDate "2021.07.12"]

1. d4 Nf6 2. c4 g6 3. Nc3 d5 4. Bf4 Bg7 5. e3 c5 6. dxc5 Qa5 7. Rc1 O-O 8. cxd5
Nbd7 9. a3 Ne4 10. b4 Bxc3+ 11. Rxc3 Nxc3 12. Qa1 Qa4 13. Qxc3 a5 14. b5 Qe4
15. f3 Qxd5 16. Bh6 e5 17. Bxf8 Kxf8 18. c6 bxc6 19. bxc6 Nc5 20. Bc4 Qxc6 21.
Ne2 Qd6 22. O-O Be6 23. Bxe6 Nxe6 24. f4 Qc5 25. Qxe5 Qxe5 26. fxe5 Rd8 27. Nf4
Nxf4 28. exf4 Rd3 29. Rf3 Rxf3 30. gxf3 Ke7 31. Kf2 Ke6 32. Kg3 Kf5 33. a4 h6
34. h3 g5 35. fxg5 hxg5 36. h4 gxh4+ 37. Kxh4 Kf4 38. Kh5 Kxf3 39. Kg5 Ke4 40.
Kf6 Kf4 41. Kxf7 Kxe5 42. Kg6 Kd4 43. Kf5 Kc4 44. Ke4 Kb4 45. Kd3 Kxa4 46. Kc2
Kb4 1/2-1/2

[Event "FIDE World Cup 2021"]
[Site "Krasnaya Polyana RUS"]
[Date "2021.07.12"]
[Round "1.1"]
[White "Andersen, Mads"]
[Black "Salinas Herrera, Pablo"]
[Result "0-1"]
[WhiteElo "2579"]
[BlackElo "2514"]
[PlyCount "52"]
[EventDate "2021.07.12"]

1. Nf3 d5 2. e3 Nf6 3. c4 c6 4. Nc3 e6 5. b3 Bd6 6. d4 O-O 7. Qc2 Nbd7 8. Be2
b6 9. O-O Bb7 10. Bb2 Qe7 11. Rad1 Rad8 12. Rfe1 Rfe8 13. Bf1 c5 14. cxd5 exd5
15. g3 Rc8 16. Bh3 cxd4 17. Nxd4 Bb4 18. Nde2 Ne4 19. a3 Nxf2 20. axb4 Nxh3+
21. Kf1 Qxe3 22. Qf5 Nf6 23. Bc1 Ng4 24. Rd3 d4 25. Red1 Qg1+ 26. Nxg1 Nxh2#
0-1

[Event "FIDE World Cup 2021"]
[Site "Krasnaya Polyana RUS"]
[Date "2021.07.12"]
[Round "1.1"]
[White "Teclaf, Pawel"]
[Black "Gukesh, D."]
[Result "1/2-1/2"]
[WhiteElo "2514"]
[BlackElo "2578"]
[PlyCount "122"]
[EventDate "2021.07.12"]

1. c4 e6 2. g3 d5 3. Bg2 Nf6 4. Nf3 Be7 5. O-O O-O 6. Ne5 c5 7. cxd5 exd5 8. e3
Bd6 9. d4 Qe7 10. Nc3 Rd8 11. Re1 Bf5 12. Bxd5 Bxe5 13. dxe5 Nxd5 14. Nxd5 Qd7
15. e4 Bxe4 16. Rxe4 Qxd5 17. Qxd5 Rxd5 18. b4 Na6 19. a3 Rd1+ 20. Kg2 Rad8 21.
e6 fxe6 22. Rxe6 R8d7 23. Re4 b5 24. bxc5 Nxc5 25. Rb4 a6 26. Rbb1 R7d3 27. Be3
Rxb1 28. Rxb1 Nb3 29. Re1 Kf7 30. Bb6 Rd6 31. Bc7 Rc6 32. Bd8 Rd6 33. Bg5 Rd7
34. Re5 h6 35. Be3 Na5 36. a4 Nc4 37. Re4 Nxe3+ 38. Rxe3 b4 39. Kf3 Re7 40. a5
Rc7 41. Ke4 Rc2 42. Kd4 Ra2 43. Kc5 Rxa5+ 44. Kxb4 Ra2 45. Rf3+ Ke6 46. h4 g6
47. Re3+ Kf5 48. Rf3+ Ke5 49. Re3+ Kf6 50. Rf3+ Kg7 51. Rf4 Rd2 52. Kc5 Rb2 53.
Kd5 a5 54. Ke6 Rb6+ 55. Ke7 Rb7+ 56. Ke6 Kg8 57. Rc4 Rb6+ 58. Ke5 Rb7 59. Ke6
Kh7 60. g4 Ra7 61. Ra4 Kg7 1/2-1/2

[Event "FIDE World Cup 2021"]
[Site "Krasnaya Polyana RUS"]
[Date "2021.07.12"]
[Round "1.1"]
[White "Nguyen, Thai Dai Van"]
[Black "Kozak, Adam"]
[Result "1-0"]
[WhiteElo "2588"]
[BlackElo "2504"]
[PlyCount "121"]
[EventDate "2021.07.12"]

1. c4 Nf6 2. Nc3 e6 3. e4 e5 4. Nf3 Nc6 5. Be2 Bb4 6. d3 d6 7. O-O h6 8. h3 Bc5
9. a3 a5 10. Be3 Bxe3 11. fxe3 O-O 12. Qc2 Ne7 13. d4 Ng6 14. b4 Re8 15. c5 Qe7
16. Rae1 Be6 17. Nd2 Red8 18. Nf3 axb4 19. axb4 Ra3 20. Ra1 Rxa1 21. Rxa1 c6
22. Rd1 d5 23. exd5 Nxd5 24. Nxd5 Bxd5 25. e4 Be6 26. dxe5 Ra8 27. Qc3 Ra2 28.
Rd2 Ra8 29. Qe3 Nh4 30. Kh2 Nxf3+ 31. Bxf3 Qh4 32. Rd1 Kh7 33. Qe1 Qf4+ 34. Qg3
Qe3 35. Bg4 Qxg3+ 36. Kxg3 Ra3+ 37. Kh4 Re3 38. Rd4 Kg6 39. Bxe6 fxe6 40. Kg4
Rb3 41. h4 h5+ 42. Kf4 Rb2 43. g3 Rf2+ 44. Ke3 Rb2 45. Kf4 Rf2+ 46. Ke3 Rb2 47.
Rd6 Rxb4 48. Rxe6+ Kf7 49. Rd6 Rb5 50. Rd7+ Ke6 51. Rxg7 Rxc5 52. Rxb7 Kxe5 53.
Re7+ Kf6 54. Rh7 Kg6 55. Rh8 Rc1 56. Rg8+ Kh7 57. Rg5 Kh6 58. Kd4 Rd1+ 59. Kc5
Rc1+ 60. Kd6 Rc3 61. e5 1-0

[Event "FIDE World Cup 2021"]
[Site "Krasnaya Polyana RUS"]
[Date "2021.07.12"]
[Round "1.1"]
[White "Plat, Vojtech"]
[Black "Albornoz Cabrera, Carlos Daniel"]
[Result "1/2-1/2"]
[WhiteElo "2525"]
[BlackElo "2573"]
[PlyCount "61"]
[EventDate "2021.07.12"]

1. c4 Nf6 2. Nc3 e5 3. g3 Bb4 4. Bg2 O-O 5. Nf3 Re8 6. O-O e4 7. Nd4 Nc6 8. Nc2
Bxc3 9. dxc3 h6 10. Bf4 d6 11. Nb4 Be6 12. Nd5 Bxd5 13. cxd5 Ne5 14. Qd4 Ng6
15. Be3 Qe7 16. h3 Nd7 17. Rae1 f5 18. f3 f4 19. gxf4 exf3 20. exf3 Qf7 21. Bd2
Nf6 22. c4 Nh5 23. f5 Qxf5 24. Qg4 Rf8 25. Bc3 Nhf4 26. Re7 Rf7 27. Qxf5 Rxf5
28. Rxg7+ Kf8 29. Rf2 Rf7 30. Rxf7+ Kxf7 31. Bf1 1/2-1/2

[Event "FIDE World Cup 2021"]
[Site "Krasnaya Polyana RUS"]
[Date "2021.07.12"]
[Round "1.1"]
[White "Can, Emre"]
[Black "Lima, Darcy"]
[Result "1-0"]
[WhiteElo "2569"]
[BlackElo "2526"]
[PlyCount "181"]
[EventDate "2021.07.12"]

1. d4 Nf6 2. c4 g6 3. Nc3 d5 4. Nf3 Bg7 5. Qb3 dxc4 6. Qxc4 O-O 7. e4 a6 8. e5
b5 9. Qb3 Nfd7 10. e6 fxe6 11. Be3 Nf6 12. Be2 Nc6 13. O-O Qe8 14. Rac1 Kh8 15.
Rfd1 Ng4 16. Ne4 Nxe3 17. fxe3 Ra7 18. Nfg5 Nd8 19. Bg4 Bh6 20. Re1 Bb7 21.
Bxe6 Nxe6 22. Qxe6 Rf5 23. Rxc7 Bxg5 24. Nd6 Qb8 25. Nxf5 Qxc7 26. Qf7 Bxe3+
27. Nxe3 Ra8 28. Ng4 Qc2 29. Qf2 Qxf2+ 30. Kxf2 Rf8+ 31. Kg3 Bd5 32. Rxe7 Bxa2
33. Ra7 Bc4 34. Rxa6 Rd8 35. Ra7 Rd6 36. Kf3 Rxd4 37. Nf6 Rh4 38. h3 g5 39. Kg3
Rh6 40. Ne4 Rg6 41. Rb7 Bd5 42. Rb8+ Kg7 43. Nc3 Bc4 44. Nxb5 h5 45. Nd4 Rf6
46. Nf3 h4+ 47. Kf2 g4 48. hxg4 h3 49. Rd8 h2 50. Rd1 Rb6 51. Nxh2 Rxb2+ 52.
Kg3 Be6 53. Rd6 Kf7 54. Rd4 Bc8 55. Nf3 Bb7 56. Rd7+ Kf6 57. Rd6+ Ke7 58. Rh6
Kf8 59. Rh7 Be4 60. Rd7 Bc6 61. Rc7 Bd5 62. Nh4 Kg8 63. g5 Be4 64. Kh3 Rb4 65.
g3 Bd3 66. Rd7 Bf1+ 67. Kh2 Rb2+ 68. Kg1 Bh3 69. Rc7 Ra2 70. Rc4 Ra5 71. Kh2
Be6 72. Rc6 Ra2+ 73. Kg1 Bh3 74. Rg6+ Kf7 75. Rh6 Kg8 76. Rf6 Ra5 77. Kh2 Bg4
78. g6 Ra2+ 79. Kg1 Rb2 80. Rf4 Be6 81. Re4 Bd7 82. Rd4 Be6 83. Re4 Bd7 84. g4
Rb5 85. Kf2 Rd5 86. Kg3 Kg7 87. Re7+ Kg8 88. Nf3 Rd3 89. Kf4 Kf8 90. Rf7+ Kg8
91. Ne5 1-0

[Event "FIDE World Cup 2021"]
[Site "Krasnaya Polyana RUS"]
[Date "2021.07.12"]
[Round "1.1"]
[White "Pechac, Jergus"]
[Black "Fier, Alexandr"]
[Result "1/2-1/2"]
[WhiteElo "2523"]
[BlackElo "2569"]
[PlyCount "51"]
[EventDate "2021.07.12"]

1. Nf3 d5 2. d4 Nf6 3. c4 e6 4. Nc3 c6 5. e3 Nbd7 6. Qc2 Bd6 7. Bd3 O-O 8. O-O
e5 9. cxd5 cxd5 10. e4 exd4 11. Nxd5 Nxd5 12. exd5 h6 13. Nxd4 Qh4 14. Nf3 Qh5
15. Bh7+ Kh8 16. Qf5 Qxf5 17. Bxf5 Nf6 18. Bc2 b6 19. Rd1 Bb7 20. Bb3 Rad8 21.
Be3 Be7 22. Bd4 Nxd5 23. Be5 Bc5 24. Bd4 Be7 25. Be5 Bc5 26. Bd4 1/2-1/2

[Event "FIDE World Cup 2021"]
[Site "Krasnaya Polyana RUS"]
[Date "2021.07.12"]
[Round "1.1"]
[White "Meshkovs, Nikita"]
[Black "Vazquez, Guillermo"]
[Result "0-1"]
[WhiteElo "2568"]
[BlackElo "2527"]
[PlyCount "109"]
[EventDate "2021.07.12"]

1. d4 Nf6 2. c4 e6 3. Nc3 d5 4. cxd5 exd5 5. Bg5 c6 6. e3 Be7 7. Bd3 Nbd7 8.
Qc2 h6 9. Bh4 Nh5 10. Bxe7 Qxe7 11. O-O-O Nb6 12. h3 Be6 13. Nf3 O-O-O 14. Kb1
Kb8 15. Rc1 Nf6 16. Ka1 Rhe8 17. Nd2 Bc8 18. a3 g6 19. b4 Be6 20. Na2 Rc8 21.
Rb1 Ka8 22. Nc1 Bd7 23. Ndb3 Ne4 24. Nc5 Nd6 25. Rb3 Bf5 26. Bxf5 Nxf5 27. Ne2
Nc4 28. Ka2 Nfd6 29. Nf4 g5 30. Nfd3 b6 31. Na4 Qe4 32. Rg1 f5 33. Nc3 Qe6 34.
Rbb1 Nb5 35. Rb3 f4 36. a4 Nxc3+ 37. Rxc3 fxe3 38. fxe3 Qxe3 39. Rd1 Qe4 40.
Rc1 Qxd4 41. Nb2 Nxb2 42. Qxb2 Qf6 43. a5 Qd6 44. a6 d4 45. Rc4 Red8 46. Rd1
Qe6 47. Qb3 Qe2+ 48. Ka3 d3 49. Rc3 d2 50. b5 Kb8 51. bxc6 Qxa6+ 52. Kb2 Qe2
53. g4 Rd6 54. Re3 Qf2 55. c7+ 0-1

[Event "FIDE World Cup 2021"]
[Site "Krasnaya Polyana RUS"]
[Date "2021.07.12"]
[Round "1.1"]
[White "Krysa, Leandro"]
[Black "Quesada Perez, Yasser"]
[Result "1/2-1/2"]
[WhiteElo "2527"]
[BlackElo "2565"]
[PlyCount "60"]
[EventDate "2021.07.12"]

1. d4 d5 2. c4 c6 3. Nc3 Nf6 4. e3 Bf5 5. cxd5 cxd5 6. Qb3 Nc6 7. Qxb7 Bd7 8.
Qb3 Rb8 9. Qd1 e5 10. dxe5 Nxe5 11. Be2 Bd6 12. Nf3 O-O 13. Nxe5 Bxe5 14. O-O
Qc7 15. h3 Rfd8 16. Bf3 Bf5 17. Ne2 Bc2 18. Qe1 Bxb2 19. Bxb2 Rxb2 20. Qd2 Qb6
21. Qd4 Be4 22. Qxb6 axb6 23. Nd4 Ra8 24. Rfc1 Bxf3 25. gxf3 Nd7 26. Rc2 Rxc2
27. Nxc2 Kf8 28. Nb4 Nf6 29. Rb1 Ke8 30. Nc6 Nd7 1/2-1/2

[Event "FIDE World Cup 2021"]
[Site "Krasnaya Polyana RUS"]
[Date "2021.07.12"]
[Round "1.1"]
[White "Paichadze, Luka"]
[Black "Vokhidov, Shamsiddin"]
[Result "0-1"]
[WhiteElo "2564"]
[BlackElo "2530"]
[PlyCount "158"]
[EventDate "2021.07.12"]

1. e4 c5 2. Nf3 d6 3. d4 cxd4 4. Qxd4 Nc6 5. Bb5 Bd7 6. Qd3 Nf6 7. c4 Ne5 8.
Nxe5 dxe5 9. Bxd7+ Qxd7 10. Qxd7+ Nxd7 11. Be3 e6 12. Ke2 Bc5 13. Bxc5 Nxc5 14.
Nc3 O-O-O 15. b4 Nd3 16. Rhb1 Nf4+ 17. Kf1 Rd3 18. Rb3 Rhd8 19. g3 Nh3 20. Kg2
Ng5 21. c5 R8d4 22. Rc1 Kb8 23. c6 bxc6 24. b5 c5 25. b6 a6 26. h4 c4 27. Rb4
Nf3 28. Ne2 c3 29. Rb3 Nd2 30. Rbxc3 Rxc3 31. Nxc3 Kb7 32. Rc2 Kxb6 33. Ne2 Rd7
34. Nc3 Ka5 35. f3 Kb4 36. Kf2 f5 37. exf5 exf5 38. Ne2 Nc4 39. Rc3 a5 40. Rb3+
Kc5 41. a4 Nd6 42. Rb8 g6 43. Nc1 Rb7 44. Ra8 Rb2+ 45. Ke1 Kd4 46. Rd8 Rb6 47.
Kd2 e4 48. Ne2+ Ke5 49. fxe4 Nxe4+ 50. Kc2 Rc6+ 51. Kd3 Rd6+ 52. Rxd6 Nxd6 53.
Nd4 Kd5 54. Nb3 Nc4 55. Ke2 Ke4 56. Nc5+ Kd5 57. Nb3 h6 58. Kf3 Ke5 59. Nc5 g5
60. hxg5 hxg5 61. Nb3 g4+ 62. Kf2 Kd5 63. Ke2 Ke4 64. Nc5+ Kd4 65. Nb3+ Ke5 66.
Kd3 Kd5 67. Ke2 Ke4 68. Nc5+ Ke5 69. Nb3 f4 70. gxf4+ Kxf4 71. Nd4 Kg3 72. Nf5+
Kg2 73. Kd3 Nb2+ 74. Ke4 Nxa4 75. Kf4 Kh3 76. Ne3 g3 77. Kf3 Nc3 78. Ng2 a4 79.
Nf4+ Kh2 0-1

[Event "FIDE World Cup 2021"]
[Site "Krasnaya Polyana RUS"]
[Date "2021.07.12"]
[Round "1.1"]
[White "Vakhidov, Jakhongir"]
[Black "Pantsulaia, Levan"]
[Result "1-0"]
[WhiteElo "2534"]
[BlackElo "2564"]
[PlyCount "120"]
[EventDate "2021.07.12"]

1. d4 Nf6 2. c4 c5 3. d5 g6 4. Nc3 Bg7 5. e4 d6 6. Bd3 O-O 7. h3 e6 8. Nf3 exd5
9. exd5 Re8+ 10. Be3 Rxe3+ 11. fxe3 Qe7 12. O-O Nbd7 13. Qd2 b6 14. a4 a5 15.
Rae1 Ba6 16. Qf2 Ne8 17. Ne4 Nc7 18. Qg3 Ne5 19. Nxe5 Bxe5 20. Qg5 Nxd5 21.
Qxe7 Nxe7 22. Nf6+ Kg7 23. Nd7 Bg3 24. Rd1 Ra7 25. Nf6 Be5 26. Ng4 Nc6 27. b3
h5 28. Nxe5 Nxe5 29. Be4 Rd7 30. Rf2 Kf8 31. Bd5 Kg7 32. Rdf1 Bc8 33. Rf6 Ba6
34. Kh2 Bc8 35. Kg3 Ba6 36. Kh4 Bc8 37. Kg5 Ba6 38. R1f4 Bc8 39. Re4 Ba6 40.
Rxe5 dxe5 41. Rxb6 Bc8 42. Kh4 Ra7 43. Rc6 Bd7 44. Rxc5 Kf6 45. g4 hxg4 46.
hxg4 Ke7 47. Bf3 Kd6 48. Rd5+ Ke6 49. Rd2 f6 50. Kg3 Rc7 51. Bd5+ Ke7 52. Rh2
Rc8 53. Rh6 Be8 54. Rh7+ Kd6 55. Ra7 Rb8 56. Ra6+ Kc5 57. Rxa5+ Kb4 58. Ra7 f5
59. a5 Kc5 60. Rb7 Ra8 1-0

[Event "FIDE World Cup 2021"]
[Site "Krasnaya Polyana RUS"]
[Date "2021.07.12"]
[Round "1.1"]
[White "Sindarov, Javokhir"]
[Black "Tang, Andrew"]
[Result "1/2-1/2"]
[WhiteElo "2558"]
[BlackElo "2525"]
[PlyCount "135"]
[EventDate "2021.07.12"]

1. e4 e5 2. Nf3 Nc6 3. Bb5 a6 4. Ba4 Nf6 5. O-O Be7 6. Re1 b5 7. Bb3 O-O 8. c3
d5 9. exd5 Nxd5 10. Nxe5 Nxe5 11. Rxe5 c6 12. Re1 Bd6 13. d3 Qh4 14. g3 Qh3 15.
Re4 Nf6 16. Rh4 Qf5 17. Nd2 Ng4 18. f3 Ne3 19. Qe2 Nd5 20. Nf1 Qg6 21. Qf2 Bf5
22. Ne3 Nxe3 23. Bxe3 Rfe8 24. Bc5 Bc7 25. Re4 Bxe4 26. fxe4 Bd8 27. d4 Rxe4
28. Bc2 Bf6 29. Bxe4 Qxe4 30. Re1 Qd5 31. Qg2 Qd7 32. Qe4 h6 33. Kg2 a5 34. g4
g6 35. Re2 Kg7 36. h3 Rh8 37. Be7 Bxe7 38. Qxe7 Qd5+ 39. Qe4 Re8 40. Qxd5 Rxe2+
41. Kf3 cxd5 42. Kxe2 f5 43. gxf5 g5 44. Kd3 h5 45. a4 bxa4 46. c4 dxc4+ 47.
Kxc4 g4 48. hxg4 h4 49. d5 h3 50. d6 Kf8 51. f6 Ke8 52. g5 h2 53. f7+ Kxf7 54.
g6+ Kxg6 55. d7 h1=Q 56. d8=Q Qc1+ 57. Kb5 Qxb2+ 58. Kxa5 a3 59. Qg8+ Kf5 60.
Ka4 a2 61. Qf7+ Ke4 62. Qe6+ Kd3 63. Qf5+ Kc3 64. Qe5+ Kc2 65. Qe4+ Kd1 66.
Qh1+ Kd2 67. Qh2+ Kc1 68. Qh1+ 1/2-1/2

[Event "FIDE World Cup 2021"]
[Site "Krasnaya Polyana RUS"]
[Date "2021.07.12"]
[Round "1.1"]
[White "Mekhitarian, Krikor Sevag"]
[Black "Gonzalez Zamora, Juan Carlos"]
[Result "1-0"]
[WhiteElo "2554"]
[BlackElo "2545"]
[PlyCount "173"]
[EventDate "2021.07.12"]

1. d4 Nf6 2. c4 d6 3. Nf3 g6 4. Nc3 Bg7 5. e4 O-O 6. h3 Na6 7. Be3 c5 8. d5 e6
9. dxe6 Bxe6 10. Be2 Re8 11. O-O Qb6 12. Rb1 Bd7 13. b4 Nxb4 14. a3 a5 15. axb4
axb4 16. e5 dxe5 17. Nd5 Qc6 18. Bxc5 Qxc5 19. Nxf6+ Bxf6 20. Qxd7 e4 21. Nd2
e3 22. Nb3 exf2+ 23. Rxf2 Qe3 24. Qd3 Bh4 25. Qxe3 Rxe3 26. Bf3 Bxf2+ 27. Kxf2
Rc3 28. Bd5 Ra2+ 29. Kg1 Rac2 30. Kh2 Kg7 31. Nd4 Rd2 32. Nf3 Rdd3 33. Rxb4 Rb3
34. Rxb7 Rxb7 35. Bxb7 Rc3 36. Bd5 f5 37. Kg1 Kf6 38. Kf2 g5 39. g4 fxg4 40.
hxg4 h5 41. gxh5 g4 42. Nd2 Rh3 43. Ne4+ Ke5 44. Ng3 Kf4 45. Ne2+ Ke5 46. Bg2
Rxh5 47. Kg3 Kd6 48. Nf4 Ra5 49. Kxg4 Ra3 50. Bd5 Rc3 51. Ng6 Re3 52. Kf4 Re1
53. Kf3 Re8 54. Nf4 Ke5 55. Ne2 Rd8 56. Be4 Rd2 57. Nc1 Rh2 58. Bd5 Rh3+ 59.
Ke2 Kd4 60. Kd2 Kc5 61. Kc2 Rh5 62. Nd3+ Kd4 63. Nf4 Rf5 64. Ne6+ Ke5 65. Kc3
Rf1 66. Nc5 Rc1+ 67. Kb4 Rd1 68. Be4 Rd8 69. Bc6 Rd1 70. Nb3 Kd6 71. Bf3 Rd3
72. c5+ Kc7 73. Be4 Re3 74. Bd5 Re5 75. Kc4 Re1 76. Bf3 Rf1 77. Nd4 Rc1+ 78.
Kd5 Rb1 79. Ne6+ Kd7 80. c6+ Kc8 81. Kd6 Rf1 82. Nd4 Rc1 83. Bg4+ Kb8 84. Nb5
Rc4 85. Be6 Rc1 86. Bd5 Rc2 87. c7+ 1-0

[Event "FIDE World Cup 2021"]
[Site "Krasnaya Polyana RUS"]
[Date "2021.07.12"]
[Round "1.1"]
[White "Nikolov, Momchil"]
[Black "Perez Ponsa, Federico"]
[Result "1/2-1/2"]
[WhiteElo "2547"]
[BlackElo "2554"]
[PlyCount "67"]
[EventDate "2021.07.12"]

1. d4 Nf6 2. c4 e6 3. Nf3 d5 4. g3 Be7 5. Bg2 O-O 6. Nc3 dxc4 7. Ne5 c5 8. dxc5
Qc7 9. Nxc4 Qxc5 10. Qb3 Nc6 11. Qb5 Qxb5 12. Nxb5 Bb4+ 13. Bd2 Bxd2+ 14. Nxd2
Bd7 15. O-O Na5 16. Nd4 Rfd8 17. Rfc1 Be8 18. e3 Rab8 19. Rc2 e5 20. N4f3 Nc6
21. a3 h6 22. b4 Bd7 23. b5 Na5 24. Rc5 e4 25. Nd4 Re8 26. Rac1 Rbd8 27. a4 Kf8
28. h3 h5 29. Kh2 g6 30. Kg1 Kg7 31. Kf1 Be6 32. Kg1 Bd5 33. Rc7 Kf8 34. Bf1
1/2-1/2

[Event "FIDE World Cup 2021"]
[Site "Krasnaya Polyana RUS"]
[Date "2021.07.12"]
[Round "1.1"]
[White "Savchenko, Boris"]
[Black "Afanasiev, Nikita"]
[Result "1/2-1/2"]
[WhiteElo "2553"]
[BlackElo "2540"]
[PlyCount "164"]
[EventDate "2021.07.12"]

1. d4 Nf6 2. c4 e6 3. Nf3 d5 4. Bg5 h6 5. Bh4 Be7 6. Nc3 Nbd7 7. e3 O-O 8. Qc2
c5 9. Rd1 Qa5 10. a3 Nb6 11. Nd2 dxc4 12. Bxc4 cxd4 13. exd4 Nxc4 14. Nxc4 Qa6
15. Bxf6 Bxf6 16. Ne4 Be7 17. O-O Bd7 18. Nc5 Bxc5 19. dxc5 Bb5 20. Rd6 b6 21.
Rc1 Rac8 22. Ne5 Qa4 23. Qxa4 Bxa4 24. Rd4 Bb3 25. c6 Bd5 26. b4 b5 27. f4 f6
28. Nd7 Rfe8 29. Rc5 Bxc6 30. Rd6 Bxd7 31. Rxd7 Rxc5 32. bxc5 Rc8 33. Rxa7 Rxc5
34. Re7 Rc6 35. Rb7 Ra6 36. Rxb5 Rxa3 37. Rb8+ Kf7 38. Rb7+ Kg6 39. Re7 Ra6 40.
g4 Ra4 41. Rxe6 Rxf4 42. h3 Kg5 43. Re7 g6 44. Kg2 Ra4 45. Rg7 h5 46. gxh5 Kxh5
47. Kg3 Ra3+ 48. Kg2 f5 49. Rg8 Kg5 50. Rg7 Kf6 51. Rg8 Kg5 52. Rg7 f4 53. Rf7
Ra2+ 54. Kf3 Rh2 55. Rh7 Kf5 56. Rf7+ Ke5 57. Re7+ Kf6 58. Rh7 g5 59. Rh8 Kg7
60. Rh5 Kg6 61. Rh8 Ra2 62. Rg8+ Kf6 63. Rh8 Ra3+ 64. Kg2 Ke5 65. Re8+ Kd4 66.
Rd8+ Ke3 67. Re8+ Kd2 68. Re5 Re3 69. Rxg5 Ke2 70. Rf5 f3+ 71. Kg3 Re8 72. h4
Rg8+ 73. Kh3 f2 74. h5 Rg5 75. Rxf2+ Kxf2 76. Kh4 Rg1 77. h6 Kf3 78. Kh5 Kf4
79. h7 Kf5 80. Kh6 Rh1+ 81. Kg7 Rxh7+ 82. Kxh7 Ke4 1/2-1/2

[Event "FIDE World Cup 2021"]
[Site "Krasnaya Polyana RUS"]
[Date "2021.07.12"]
[Round "1.1"]
[White "Sanal, Vahap"]
[Black "Cheng, Bobby"]
[Result "1/2-1/2"]
[WhiteElo "2556"]
[BlackElo "2552"]
[PlyCount "116"]
[EventDate "2021.07.12"]

1. e4 e6 2. d4 d5 3. Nc3 Nf6 4. Bg5 h6 5. Bxf6 Qxf6 6. exd5 Bb4 7. Bb5+ Bd7 8.
Bxd7+ Nxd7 9. dxe6 Qxe6+ 10. Qe2 Bxc3+ 11. bxc3 Qxe2+ 12. Nxe2 O-O-O 13. O-O-O
Nb6 14. Nf4 Rd6 15. Rhe1 Rhd8 16. Re5 Na4 17. Rd3 Rf6 18. Nh3 Rc6 19. Ree3 Nb6
20. Re7 g5 21. Rxf7 Nc4 22. Rf5 Re8 23. Rc5 Rxc5 24. dxc5 Re1+ 25. Rd1 Re2 26.
a4 c6 27. Rf1 Na3 28. Kb2 Nc4+ 29. Kc1 Na3 30. f4 Rxc2+ 31. Kd1 gxf4 32. Nxf4
Rxc3 33. Ne6 Kd7 34. Rf6 h5 35. Rh6 Rc2 36. Nf4 Rf2 37. Rh7+ Ke8 38. Nxh5 Rxg2
39. Nf6+ Kf8 40. Rxb7 Rxh2 41. Rxa7 Nc4 42. Kc1 Ne5 43. Kb1 Nc4 44. Rb7 Na5 45.
Ra7 Nc4 46. Nd7+ Ke8 47. Kc1 Kd8 48. Nb6 Rh5 49. Rd7+ Ke8 50. Rd4 Na5 51. Kb2
Rxc5 52. Rd3 Nc4+ 53. Nxc4 Rxc4 54. Kb3 Rc5 55. Kb4 Rd5 56. Rxd5 cxd5 57. Kc5
Kd7 58. Kxd5 Kc7 1/2-1/2

[Event "FIDE World Cup 2021"]
[Site "Krasnaya Polyana RUS"]
[Date "2021.07.12"]
[Round "1.1"]
[White "Megaranto, Susanto"]
[Black "Ghaem Maghami, Ehsan"]
[Result "1/2-1/2"]
[WhiteElo "2550"]
[BlackElo "2547"]
[PlyCount "51"]
[EventDate "2021.07.12"]

1. d4 Nf6 2. Nf3 d5 3. Bf4 c5 4. e3 Nc6 5. dxc5 e6 6. Nbd2 Bxc5 7. Bd3 h6 8. h3
Qe7 9. Bh2 O-O 10. O-O Rd8 11. Qe2 Nb4 12. Rfc1 Bd7 13. Bb5 Bxb5 14. Qxb5 Rac8
15. c3 a6 16. Qe2 Nc6 17. Ne5 Bd6 18. Nxc6 Bxh2+ 19. Kxh2 Rxc6 20. Rd1 Qc7+ 21.
Kg1 Qb6 22. Rab1 Qa5 23. Ra1 Qb6 24. Rab1 Qa5 25. Ra1 Qb6 26. Rab1 1/2-1/2

[Event "FIDE World Cup 2021"]
[Site "Krasnaya Polyana RUS"]
[Date "2021.07.12"]
[Round "1.1"]
[White "Kulaots, Kaido"]
[Black "Martinovic, Sasa"]
[Result "0-1"]
[WhiteElo "2548"]
[BlackElo "2548"]
[PlyCount "76"]
[EventDate "2021.07.12"]

1. e4 e6 2. d4 d5 3. Nc3 Nf6 4. e5 Nfd7 5. f4 c5 6. Nf3 Nc6 7. Be3 cxd4 8. Nxd4
Qb6 9. Qd2 Qxb2 10. Rb1 Qa3 11. Bb5 Nxd4 12. Bxd4 a6 13. Bxd7+ Bxd7 14. Rb3 Qe7
15. Rxb7 Qh4+ 16. Bf2 Qd8 17. Bb6 Qc8 18. Rc7 Qd8 19. Qd4 Ba3 20. Nb1 Be7 21.
c4 O-O 22. cxd5 exd5 23. Nc3 Rc8 24. Rxc8 Qxc8 25. O-O Qc6 26. Nxd5 Ba3 27. Ne3
Rb8 28. Ba7 Rb7 29. Qd3 Qa4 30. Bd4 Bb5 31. Qc3 Bf8 32. Rd1 Rd7 33. Rd2 h6 34.
Nf5 Bb4 35. Nxh6+ gxh6 36. Qc8+ Bf8 37. Bc5 Qxf4 38. Qxf8+ Kh7 0-1